[Event "Jatai Goiania-ch"]
[Site "Jatai"]
[Date "2021.06.05"]
[Round "3"]
[White "De Oliveira, Job Rodrigues"]
[Black "Dos Anjos, Edimar Ferreira"]
[Result "1-0"]
[WhiteElo "1306"]
[BlackElo "1767"]
[PlyCount "73"]
[EventDate "2021.06.04"]
[EventType "swiss"]
[EventRounds "6"]
[EventCountry "BRA"]
[SourceTitle "CBM 202 Extra"]
[Source "ChessBase"]
[SourceDate "2021.07.31"]
[SourceVersion "1"]
[SourceVersionDate "2021.07.31"]
[SourceQuality "1"]

1. e4 c5 2. Nf3 a6 3. d4 cxd4 4. Nxd4 e5 5. Ne2 Nf6 6. Ng3 Be7 7. Nc3 0-0 8. Bd3 Nc6 9. 0-0 d6 10. h3 Be6 11. Nh5 Nd4 12. Nxf6+ Bxf6 13. Be2 Rc8 14. a3 Nc6 15. Bd3 Ne7 16. f4 exf4 17. Rxf4 Ng6 18. Rf1 Bd4+ 19. Kh1 Qd7 20. Qh5 Bxc3 21. bxc3 Rc5 22. Qf3 Ne5 23. Qg3 Bc4 24. Bh6 Ng6 25. Be3 Bxd3 26. cxd3 Rxc3 27. Bd4 Rc2 28. Rac1 Rfc8 29. Rxc2 Rxc2 30. Rf2 Rxf2 31. Bxf2 Qe6 32. Qe3 Qc8 33. d4 h6 34. Bg3 Qc6 35. Kg1 Ne7 36. Qf4 Ng6 37. d5 1-0

[Event "Goiania op"]
[Site "Goiania"]
[Date "2021.02.28"]
[Round "5"]
[White "Lima, Geraldo Nogueira De"]
[Black "Dos Anjos, Edimar Ferreira"]
[Result "0-1"]
[WhiteElo "1359"]
[BlackElo "1800"]
[PlyCount "34"]
[EventDate "2021.02.26"]
[EventType "swiss"]
[EventRounds "6"]
[EventCountry "BRA"]
[SourceTitle "EXT 2022"]
[Source "ChessBase"]
[SourceDate "2021.10.06"]
[SourceVersion "1"]
[SourceVersionDate "2021.10.06"]
[SourceQuality "1"]

1. d4 Nf6 2. Nf3 g6 3. c4 Bg7 4. Nc3 0-0 5. e4 d6 6. Be2 e5 7. 0-0 exd4 8. Nxd4 Re8 9. Bg5 c6 10. f4 Qb6 11. Na4 Qc7 12. e5 dxe5 13. fxe5 Qxe5 14. Bf4 Qe7 15. c5 Nd5 16. Bd6 Qe3+ 17. Kh1 Qxd4 0-1

[Event "Goiania op"]
[Site "Goiania"]
[Date "2021.02.27"]
[Round "3"]
[White "Nobrega, Danilo Barbosa"]
[Black "Dos Anjos, Edimar Ferreira"]
[Result "0-1"]
[WhiteElo "1693"]
[BlackElo "1800"]
[PlyCount "58"]
[EventDate "2021.02.26"]
[EventType "swiss"]
[EventRounds "6"]
[EventCountry "BRA"]
[SourceTitle "EXT 2022"]
[Source "ChessBase"]
[SourceDate "2021.10.06"]
[SourceVersion "1"]
[SourceVersionDate "2021.10.06"]
[SourceQuality "1"]

1. d4 Nf6 2. c4 g6 3. Nc3 Bg7 4. e4 d6 5. Nf3 0-0 6. Be2 c5 7. d5 e6 8. dxe6 fxe6 9. 0-0 Nc6 10. h3 b6 11. Rb1 Bb7 12. Bf4 e5 13. Bg5 h6 14. Be3 Nd4 15. Bd3 Nxf3+ 16. Qxf3 Nxe4 17. Qg4 Nxc3 18. bxc3 e4 19. Qe6+ Kh7 20. Bxe4 Bxe4 21. Qxe4 Qf6 22. Bd2 Rae8 23. Qd3 Qf5 24. Qxd6 Rd8 25. Qc7 Rxd2 26. Qxa7 Rxf2 27. Rxf2 Qxb1+ 28. Kh2 Rxf2 29. a4 Qe4 0-1